|
|
แสดงรายละเอียดบรรณานุกรม |
|
|
Brief Record
: Get Marc (ISO 2709)
: E-mail record
: |
| LEADER 00000nama 2200000uu 4500 | |||
| 001 184178 | |||
| 003 ULIBM | |||
| 008 040531s2542 th m m a000 0 tha d | |||
| 020 974-7761-08-4 | |||
| 041 tha | |||
| 050 WM172 ก170ค 2542 | |||
| 100 กรมสุขภาพจิต กระทรวงสาธารณสุข สุภาวดี นวลมณี, บรรณารักษ์ | |||
| 245 คู่มือคลายเครียด / กรมสุขภาพจิต 001 | |||
| 250 7 | |||
| 260 กรุงเทพฯ โรงพิมพ์ชุมนุมการเกษตรแห่งประเทศไทย 2542 | |||
| 300 38 หน้า | |||
| 650 ความเครียด สุขภาพจิต | |||
| 998 2001-01-27 | |||
| คุณยังไม่ได้ล็อกอิน คุณสามารถมีกิจกรรมร่วมกับเว็บไซต์ได้ แต่ต้องล็อกอินก่อน :: |
|
| สถานะ | |||||||||
| 1. | หนังสือทั่วไป | WM172 ก170ค 2542 | On Shelf ขอยืม | ||||||
| [แสดง 1/1 รายการ] | |||||||||
BibComment |
| คอมเมนท์ทรัพยากรรายการนี้ |
|
|